Dracula (Record no. 350355)
[ view plain ]
| 000 -LEADER | |
|---|---|
| fixed length control field | 00558nam a22001817a 4500 |
| 005 - DATE AND TIME OF LATEST TRANSACTION | |
| control field | 20200522112909.0 |
| 008 - FIXED-LENGTH DATA ELEMENTS--GENERAL INFORMATION | |
| fixed length control field | 200522b ||||| |||| 00| 0 eng d |
| 020 ## - INTERNATIONAL STANDARD BOOK NUMBER | |
| International Standard Book Number | 9781789505603 |
| 040 ## - CATALOGING SOURCE | |
| Description conventions | rda |
| 092 ## - LOCALLY ASSIGNED DEWEY CALL NUMBER (OCLC) | |
| Classification number | F Stoker |
| 100 ## - MAIN ENTRY--PERSONAL NAME | |
| Personal name | Stoker, Bram |
| 9 (RLIN) | 6359412 |
| 245 ## - TITLE STATEMENT | |
| Title | Dracula |
| 264 ## - Production, Publication, Distribution, Manufacture, and Copyright Notice. | |
| Place of production, publication, distribution, manufacture | Sirius Publishing, a division of Arcturus Publishing Limited, |
| Name of producer, publisher, distributor, manufacturer | 26/27 Bickels yard, 151-153 Bermondsey Street, London |
| Date of production, publication, distribution, manufacture, or copyr | 2019 |
| 336 ## - Content Type | |
| Content type term | text |
| 337 ## - Media type | |
| Media type term | unmediated |
| 338 ## - Carrier type | |
| Carrier type term | volume |
| 942 ## - ADDED ENTRY ELEMENTS (KOHA) | |
| Source of classification or shelving scheme | Dewey Decimal Classification |
| Koha item type | BOOK |
| Withdrawn status | Lost status | Source of classification or shelving scheme | Damaged status | Not for loan | Collection code | Home library | Current library | Shelving location | Date acquired | Source of acquisition | Total Checkouts | Total Renewals | Full call number | Barcode | Date last seen | Date checked out | Cost, replacement price | Price effective from | Koha item type |
|---|---|---|---|---|---|---|---|---|---|---|---|---|---|---|---|---|---|---|---|
| Dewey Decimal Classification | Fiction | Wasatch County Library | Wasatch County Library | First Floor | 05/22/2020 | Baker & Taylor | 11 | 11 | F Stoker | 34301001688375 | 02/17/2026 | 01/20/2026 | 24.99 | 05/22/2020 | BOOK | ||||
| Dewey Decimal Classification | Fiction | Wasatch County Library | Wasatch County Library | First Floor | 01/20/2023 | Amazon | 5 | 9 | F Stoker | 34301001854894 | 10/26/2025 | 09/16/2025 | 7.00 | 01/20/2023 | BOOK |
